| 000 | 00387nam a2200169 a 4500 | ||
|---|---|---|---|
| 005 | 20140414131925.0 | ||
| 008 | 101027s19uu xx 00 eng d | ||
| 050 |
_aER _bW81 1997 |
||
| 100 | _a | ||
| 245 | _aWobbly witch and a dog named Brian. | ||
| 260 |
_aLondon : _bParragon, _c1997. |
||
| 650 |
_a _x |
||
| 650 |
_a _x |
||
| 650 |
_a _x |
||
| 650 |
_a _x |
||
| 999 |
_c111951 _d111951 |
||